| 000 | 00868nam a2200241 i 4500 | ||
|---|---|---|---|
| 001 | 16440 | ||
| 003 | ES-MaACL | ||
| 005 | 20230906151324.0 | ||
| 007 | t| | ||
| 008 | 000921s1978 sp ||||1| spa d | ||
| 020 | _a84-235-0396-8 | ||
| 080 | _a930.255(465.1)Gen. de Navarra | ||
| 080 | _a016:946.51"12/17"(093.2) | ||
| 080 | _a946.51"12/17"(093.2):016 | ||
| 110 | 2 |
_aArchivo General de Navarra. _bSección de Guerra. _91438 |
|
| 245 | 1 | 0 |
_aCatálogo de la Sección de Guerra _b: documentos años 1259-1800 / _cpor Florencio Idoate. |
| 260 |
_aPamplona : _bAranzadi, _c1978. |
||
| 300 |
_a626 p., [1] h. lám. col. ; _c25 cm. |
||
| 610 | 2 | 7 |
_aArchivo General de Navarra- _vCatálogos. _91437 |
| 651 | 4 |
_aNavarra (Comunidad Autónoma)- _xHistoria- _vFuentes- _vBibliografías. _99105 |
|
| 700 | 1 |
_aIdoate, Florencio. _965049 |
|
| 852 |
_aES-MaACL _jG-2171 _bR.119329 |
||
| 999 |
_c16440 _d16440 |
||